[Event "2. Bundesliga Ost 2012/2013"]
[Site "6.+7.10., 17.+18.11., 1.12., 2.+3.2., 9.+10.3., 6.
[Date "2013.03.09"]
[Round "8"]
[Board "2"]
[White "Wolfram, Bernd"]
[Black "Lendwai, Reinhard"]
[Result "1-0"]
[WhiteElo "2234"]
[BlackElo "2379"]
[PlyCount "99"]
[EventDate "2012.10.06"]
[EventType "team"]
[EventRounds "11"]
[EventCountry "AUT"]
[WhiteTeam "Purbach"]
[BlackTeam "Raiffeisen Waehring"]

1. c4 c5 2. g3 Nc6 3. Bg2 g6 4. Nc3 Bg7 5. Nf3 e5 6. O-O Nge7 7. a3 a5 8. Ne1
Nf5 9. Nc2 Nfd4 10. Ne3 a4 11. Ned5 O-O 12. e3 Nb3 13. Rb1 Nxc1 14. Rxc1 Qa5
15. Nb5 Ra6 16. Nbc7 Ra7 17. f4 exf4 18. gxf4 f5 19. Rf3 d6 20. Nb5 Ra6 21.
Nxd6 Qd8 22. Nxc8 Qxc8 23. b4 axb3 24. Qxb3 Qa8 25. Qb5 Rxa3 26. Qxc5 Rd3 27.
Rf2 Nd4 28. Qb4 Nb3 29. Rd1 Qa2 30. Bf1 Qc2 31. Bxd3 Qxd1+ 32. Rf1 Qg4+ 33. Kh1
Nd4 34. exd4 Re8 35. Ne3 Qh4 36. c5 Bh6 37. d5 Re4 38. Bxe4 Bxf4 39. Rxf4 Qxf4
40. Qxb7 Qxe4+ 41. Kg1 f4 42. Qc8+ Kg7 43. Qd7+ Kh6 44. Ng4+ Kg5 45. Nf2 Qe1+
46. Kg2 Qxd2 47. Qe7+ Kh6 48. d6 g5 49. d7 Qd5+ 50. Kg1 1-0

[Event "2. Bundesliga Ost 2012/2013"]
[Site "6.+7.10., 17.+18.11., 1.12., 2.+3.2., 9.+10.3., 6.
[Date "2013.03.09"]
[Round "8"]
[Board "3"]
[White "Mahdy, Khaled"]
[Black "Zimmermann, Heinz"]
[Result "1-0"]
[WhiteElo "2385"]
[BlackElo "2177"]
[PlyCount "79"]
[EventDate "2012.10.06"]
[EventType "team"]
[EventRounds "11"]
[EventCountry "AUT"]
[WhiteTeam "Raiffeisen Waehring"]
[BlackTeam "Purbach"]

1. e4 c5 2. Nf3 a6 3. g3 Nc6 4. Bg2 g6 5. O-O Bg7 6. c3 e5 7. d3 Nf6 8. Re1 O-O
9. Nbd2 d6 10. Nf1 h6 11. h3 Re8 12. N3h2 d5 13. Ne3 Be6 14. Nhg4 Nxg4 15. hxg4
d4 16. Nd5 Ne7 17. c4 g5 18. Bd2 b5 19. f3 Rb8 20. Rb1 Qd7 21. Qc2 bxc4 22.
dxc4 Rb7 23. Bf1 Reb8 24. Bd3 Ng6 25. b3 Bxg4 26. fxg4 Qxg4 27. Re2 Nf4 28. Rg2
Nxg2 29. Kxg2 Ra8 30. Ba5 Re8 31. Rf1 Kh7 32. Rf5 Qh5 33. Be2 Qg6 34. Qd1 Qd6
35. Bg4 Kg8 36. Qf1 f6 37. Nxf6+ Bxf6 38. Rxf6 Qe7 39. Rxh6 Kg7 40. Qh1 1-0

[Event "2. Bundesliga Ost 2012/2013"]
[Site "6.+7.10., 17.+18.11., 1.12., 2.+3.2., 9.+10.3., 6.
[Date "2013.03.09"]
[Round "8"]
[Board "4"]
[White "Bauer, Manfred"]
[Black "Alvir, Aco"]
[Result "0-1"]
[WhiteElo "1938"]
[BlackElo "2345"]
[PlyCount "176"]
[EventDate "2012.10.06"]
[EventType "team"]
[EventRounds "11"]
[EventCountry "AUT"]
[WhiteTeam "Purbach"]
[BlackTeam "Raiffeisen Waehring"]

1. d4 g6 2. Nf3 Bg7 3. e4 d6 4. Bd3 Nf6 5. O-O O-O 6. c4 Bg4 7. h3 Bxf3 8. Qxf3
Nc6 9. d5 Ne5 10. Qe2 c6 11. Nc3 cxd5 12. Nxd5 Nxd3 13. Qxd3 Nd7 14. Bg5 Re8
15. Rab1 h6 16. Bd2 Nc5 17. Qe2 e6 18. Nf4 d5 19. exd5 exd5 20. Qf3 dxc4 21.
Rfd1 Qc8 22. Nd5 Ne4 23. Bf4 g5 24. Bh2 c3 25. bxc3 Nxc3 26. Nxc3 Qxc3 27. Qxc3
Bxc3 28. Rxb7 Re6 29. a3 Rb6 30. Rb1 Ra6 31. R1b3 Bd4 32. Rd7 Bc5 33. Rdd3 Re8
34. Bg3 Rf6 35. Rf3 Rxf3 36. Rxf3 Re1+ 37. Kh2 Re2 38. Rf6 Bb6 39. h4 gxh4 40.
Bxh4 Re4 41. Bg3 Ra4 42. Bd6 Rc4 43. Rf3 Re4 44. g3 Kg7 45. Kg2 Re2 46. Bb4 Kg6
47. Rf4 h5 48. Rf3 Rc2 49. Bd6 Re2 50. Bb4 f5 51. Bf8 Ra2 52. Bb4 Kf6 53. Bf8
Ke6 54. Bb4 Rc2 55. Bf8 Rc4 56. Bb4 a5 57. Bf8 Rc2 58. Kf1 Ra2 59. Kg2 Rb2 60.
Kf1 Bd4 61. Kg2 Bf6 62. Bc5 h4 63. Rd3 hxg3 64. Kxg3 Be5+ 65. Kf3 Rc2 66. Bb6
a4 67. Re3 Kd5 68. Ba5 Bd4 69. Re2 Rxe2 70. Kxe2 Bc5 71. Kd3 Bxf2 72. Bd2 Bc5
73. Bc1 Bd4 74. Bd2 Be5 75. Bc1 Bd6 76. Bb2 f4 77. Bc1 f3 78. Bb2 Bc5 79. Bc1
Ke5 80. Be3 Bxa3 81. Kc4 Ke4 82. Bf2 Bb2 83. Kb4 a3 84. Kb3 Kd3 85. Bh4 Ke2 86.
Bg3 f2 87. Bxf2 Kxf2 88. Kc2 Ke2 0-1

[Event "2. Bundesliga Ost 2012/2013"]
[Site "6.+7.10., 17.+18.11., 1.12., 2.+3.2., 9.+10.3., 6.
[Date "2013.03.09"]
[Round "8"]
[Board "5"]
[White "Kirschner, Alexander"]
[Black "Bauer, Valentina"]
[Result "1-0"]
[WhiteElo "2281"]
[BlackElo "1787"]
[PlyCount "51"]
[EventDate "2012.10.06"]
[EventType "team"]
[EventRounds "11"]
[EventCountry "AUT"]
[WhiteTeam "Raiffeisen Waehring"]
[BlackTeam "Purbach"]

1. c4 e6 2. e4 d5 3. exd5 exd5 4. cxd5 Nf6 5. Bb5+ Bd7 6. Bc4 Be7 7. Nf3 O-O 8.
Nc3 Bg4 9. h3 Bh5 10. g4 Bg6 11. O-O Nbd7 12. Re1 Nb6 13. d3 Re8 14. Qb3 Bc5
15. Bf4 Bd6 16. Ne5 Kh8 17. Re2 Nfd7 18. d4 Qf6 19. Rae1 Rf8 20. Bg3 Rad8 21.
f4 Nxc4 22. Qxc4 Nb6 23. Qb3 h6 24. f5 Bh7 25. Ne4 Qe7 26. Nxd6 1-0

[Event "2. Bundesliga Ost 2012/2013"]
[Site "6.+7.10., 17.+18.11., 1.12., 2.+3.2., 9.+10.3., 6.
[Date "2013.03.09"]
[Round "8"]
[Board "6"]
[White "Mueller, Florian"]
[Black "Fritsch, Klaus"]
[Result "0-1"]
[WhiteElo "1770"]
[BlackElo "2287"]
[PlyCount "46"]
[EventDate "2012.10.06"]
[EventType "team"]
[EventRounds "11"]
[EventCountry "AUT"]
[WhiteTeam "Purbach"]
[BlackTeam "Raiffeisen Waehring"]

1. b3 e5 2. Bb2 Nc6 3. e3 Nf6 4. d4 exd4 5. exd4 d5 6. Nf3 Bd6 7. Bb5 O-O 8.
O-O Bg4 9. Nbd2 Ne7 10. Be2 Ng6 11. Ne5 Bxe2 12. Qxe2 Re8 13. Rfe1 c5 14. Qb5
Qc7 15. Ndf3 cxd4 16. Nxg6 hxg6 17. Bxd4 a6 18. Qd3 Ne4 19. c4 dxc4 20. bxc4
Qc6 21. Ne5 Bxe5 22. Bxe5 Rxe5 23. f3 Nc5 0-1

[Event "2. Bundesliga Ost 2012/2013"]
[Site "6.+7.10., 17.+18.11., 1.12., 2.+3.2., 9.+10.3., 6.
[Date "2013.03.10"]
[Round "9"]
[Board "1"]
[White "Kummer, Helmut"]
[Black "Papp, Gabor"]
[Result "1/2-1/2"]
[WhiteElo "2353"]
[BlackElo "2571"]
[PlyCount "78"]
[EventDate "2012.10.06"]
[EventType "team"]
[EventRounds "11"]
[EventCountry "AUT"]
[WhiteTeam "Purbach"]
[BlackTeam "ASVOE Mattersburg"]

1. d4 Nf6 2. c4 e6 3. Nf3 b6 4. g3 Bb7 5. Bg2 c5 6. d5 exd5 7. Nh4 g6 8. Nc3 d6
9. Bg5 Be7 10. Nxd5 Nxd5 11. Bxd5 Nc6 12. Bh6 Qd7 13. Nf3 Bf6 14. Qd2 O-O-O 15.
O-O Rhe8 16. Rab1 Nd4 17. Bxb7+ Qxb7 18. Nxd4 Bxd4 19. e3 Bf6 20. Rfd1 Re5 21.
Bf4 Re4 22. Qc2 Be7 23. Rd5 Re6 24. Rbd1 f5 25. a3 Qc6 26. b4 cxb4 27. axb4 Re4
28. R1d4 Rxd4 29. Rxd4 Kb7 30. e4 fxe4 31. Rxe4 Bf8 32. b5 Qd7 33. Qd3 Kb8 34.
Qd5 Qb7 35. Qd3 Qf7 36. Rd4 Qe6 37. Re4 Qf7 38. Qe2 Rc8 39. Qd3 Rd8 1/2-1/2

[Event "2. Bundesliga Ost 2012/2013"]
[Site "6.+7.10., 17.+18.11., 1.12., 2.+3.2., 9.+10.3., 6.
[Date "2013.03.10"]
[Round "9"]
[Board "2"]
[White "Fodor, Tamas"]
[Black "Wolfram, Bernd"]
[Result "1/2-1/2"]
[WhiteElo "2503"]
[BlackElo "2234"]
[PlyCount "78"]
[EventDate "2012.10.06"]
[EventType "team"]
[EventRounds "11"]
[EventCountry "AUT"]
[WhiteTeam "ASVOE Mattersburg"]
[BlackTeam "Purbach"]

1. d4 Nf6 2. c4 g6 3. Nc3 d5 4. cxd5 Nxd5 5. Bd2 Bg7 6. e4 Nxc3 7. Bxc3 c5 8.
d5 O-O 9. Qd2 e6 10. Bxg7 Kxg7 11. Bc4 Nd7 12. Nf3 Nb6 13. O-O exd5 14. Bxd5
Nxd5 15. exd5 b6 16. Rad1 Qf6 17. Rfe1 Bg4 18. Re3 Rfe8 19. Ra3 Rad8 20. h3 Be6
21. d6 Rd7 22. b4 c4 23. Nd4 Red8 24. Rf3 Qe5 25. Qc3 Kg8 26. Re1 Qd5 27. Nxe6
fxe6 28. Qf6 e5 29. Rxe5 Qd1+ 30. Kh2 Qxd6 31. Qf4 Rc8 32. Qg3 Qxb4 33. Rf6 Rf8
34. Rxg6+ hxg6 35. Qxg6+ Rg7 36. Qe6+ Rff7 37. Qc8+ Rf8 38. Qe6+ Rff7 39. Qc8+
Rf8 1/2-1/2

[Event "2. Bundesliga Ost 2012/2013"]
[Site "6.+7.10., 17.+18.11., 1.12., 2.+3.2., 9.+10.3., 6.
[Date "2013.03.10"]
[Round "9"]
[Board "3"]
[White "Zimmermann, Heinz"]
[Black "Petran, Peter"]
[Result "0-1"]
[WhiteElo "2177"]
[BlackElo "2277"]
[PlyCount "82"]
[EventDate "2012.10.06"]
[EventType "team"]
[EventRounds "11"]
[EventCountry "AUT"]
[WhiteTeam "Purbach"]
[BlackTeam "ASVOE Mattersburg"]

1. d4 g6 2. e4 Bg7 3. c4 Nc6 4. Nf3 e5 5. Bg5 Nge7 6. dxe5 Nxe5 7. Nxe5 Bxe5 8.
Nc3 h6 9. Be3 d6 10. Qd2 h5 11. Be2 Be6 12. O-O Qd7 13. f4 Bg7 14. Rad1 f5 15.
Bd4 Nc6 16. Bxg7 Qxg7 17. exf5 Bxf5 18. Bf3 O-O 19. Ne4 Rae8 20. Ng5 Re7 21.
Rfe1 Rfe8 22. Kf2 Kf8 23. a3 Rxe1 24. Rxe1 Rxe1 25. Kxe1 Nd4 26. Bxb7 Nc2+ 27.
Kf2 Qxb2 28. Bd5 Qd4+ 29. Qxd4 Nxd4 30. a4 Ke7 31. Ke3 Nb3 32. Be4 Nc5 33. Bxf5
gxf5 34. Nf3 Nxa4 35. Nd4 Nb2 36. c5 Kf6 37. cxd6 Nc4+ 38. Kd3 Nxd6 39. Nc6 a6
40. Nb8 a5 41. Nd7+ Ke6 0-1

[Event "2. Bundesliga Ost 2012/2013"]
[Site "6.+7.10., 17.+18.11., 1.12., 2.+3.2., 9.+10.3., 6.
[Date "2013.03.10"]
[Round "9"]
[Board "4"]
[White "Brod, Manfred"]
[Black "Rainprecht, Bernhard"]
[Result "1-0"]
[WhiteElo "2234"]
[BlackElo "2125"]
[PlyCount "61"]
[EventDate "2012.10.06"]
[EventType "team"]
[EventRounds "11"]
[EventCountry "AUT"]
[WhiteTeam "ASVOE Mattersburg"]
[BlackTeam "Purbach"]

1. e4 e6 2. d4 d5 3. Nc3 Bb4 4. e5 c5 5. a3 Bxc3+ 6. bxc3 Qc7 7. Qg4 f5 8. Qg3
cxd4 9. cxd4 Ne7 10. Bd2 O-O 11. Bd3 Nbc6 12. Ne2 Ng6 13. h4 Qf7 14. h5 Nge7
15. c3 Bd7 16. Nf4 Rfd8 17. Rh4 Kf8 18. Ke2 Na5 19. Qh2 Nb3 20. Rg1 Nxd2 21.
Kxd2 Rac8 22. g4 Rc6 23. gxf5 exf5 24. Rh3 Rh6 25. Qg2 Be8 26. Qg5 Rb6 27. Rhg3
g6 28. hxg6 hxg6 29. Rh1 Qg7 30. Rgh3 Rb2+ 31. Kc1 1-0

[Event "2. Bundesliga Ost 2012/2013"]
[Site "6.+7.10., 17.+18.11., 1.12., 2.+3.2., 9.+10.3., 6.
[Date "2013.03.10"]
[Round "9"]
[Board "5"]
[White "Bauer, Manfred"]
[Black "Wiedner, Robert"]
[Result "0-1"]
[WhiteElo "1938"]
[BlackElo "2133"]
[PlyCount "114"]
[EventDate "2012.10.06"]
[EventType "team"]
[EventRounds "11"]
[EventCountry "AUT"]
[WhiteTeam "Purbach"]
[BlackTeam "ASVOE Mattersburg"]

1. d4 Nf6 2. Nf3 b5 3. Bf4 e6 4. e3 a6 5. c4 bxc4 6. Bxc4 Be7 7. h3 c5 8. dxc5
Qa5+ 9. Nbd2 Qxc5 10. O-O Nc6 11. Rc1 Qa7 12. a3 O-O 13. b4 Bb7 14. Qe2 Rac8
15. Rfd1 Rfd8 16. Ba2 d5 17. Qd3 Nd7 18. Bb1 Nf8 19. Nb3 Bf6 20. Qd2 Ba8 21.
Bg5 Bxg5 22. Nxg5 Ne5 23. Qd4 Qxd4 24. Nxd4 Nc4 25. Rc3 Bb7 26. Rdc1 Nxa3 27.
Bd3 g6 28. Nc6 Bxc6 29. Rxc6 Nc4 30. Rxa6 Ne5 31. Rxc8 Rxc8 32. Bb5 Rb8 33. Ra5
h6 34. Nf3 Nxf3+ 35. gxf3 Nh7 36. Kg2 Nf6 37. Kg3 Nh5+ 38. Kg2 Ng7 39. f4 Nf5
40. Bd3 Rxb4 41. Bxf5 gxf5 42. Ra8+ Kg7 43. Rd8 Rb1 44. Kh2 Rd1 45. Kg2 Rd2 46.
Kf1 Kf6 47. Rh8 d4 48. Ke1 dxe3 49. fxe3 Kg7 50. Rxh6 Kxh6 51. Kxd2 Kh5 52. Ke2
Kh4 53. Kf2 Kxh3 54. Kf3 f6 55. Kf2 e5 56. Kf3 e4+ 57. Kf2 Kh2 0-1

[Event "2. Bundesliga Ost 2012/2013"]
[Site "6.+7.10., 17.+18.11., 1.12., 2.+3.2., 9.+10.3., 6.
[Date "2013.03.10"]
[Round "9"]
[Board "6"]
[White "Savio, Alfred Jun."]
[Black "Bauer, Marie-Christine"]
[Result "1/2-1/2"]
[WhiteElo "2035"]
[BlackElo "1884"]
[PlyCount "60"]
[EventDate "2012.10.06"]
[EventType "team"]
[EventRounds "11"]
[EventCountry "AUT"]
[WhiteTeam "ASVOE Mattersburg"]
[BlackTeam "Purbach"]

1. d4 d5 2. c3 Nf6 3. e3 Bf5 4. Nf3 e6 5. Qb3 Qc8 6. Nbd2 Nbd7 7. Nh4 Be4 8. f3
Bg6 9. Nxg6 hxg6 10. Be2 Bd6 11. f4 c5 12. Nf3 c4 13. Qc2 Ne4 14. O-O Ndf6 15.
Nd2 Ke7 16. Bf3 Nxd2 17. Bxd2 Qc7 18. Rae1 g5 19. g3 gxf4 20. exf4 g6 21. Re2
Kf8 22. Rg2 Kg7 23. Rc1 b5 24. Ra1 a5 25. Be1 a4 26. Re2 Rhf8 27. Rf2 Rh8 28.
Re2 Rhf8 29. Rf2 Rh8 30. Re2 Rhg8 1/2-1/2

[Event "2. Bundesliga Ost 2012/2013"]
[Site "6.+7.10., 17.+18.11., 1.12., 2.+3.2., 9.+10.3., 6.
[Date "2013.03.10"]
[Round "9"]
[Board "1"]
[White "Penz, Harald"]
[Black "Sommerbauer, Norbert"]
[Result "1/2-1/2"]
[WhiteElo "2311"]
[BlackElo "2444"]
[PlyCount "97"]
[EventDate "2012.10.06"]
[EventType "team"]
[EventRounds "11"]
[EventCountry "AUT"]
[WhiteTeam "SK Hietzing"]
[BlackTeam "Raiffeisen Waehring"]

1. e4 c5 2. c3 e6 3. d4 d5 4. exd5 exd5 5. Nf3 Nc6 6. Bb5 Bd6 7. O-O Nf6 8. Bg5
Be6 9. c4 O-O 10. Bxf6 Qxf6 11. dxc5 Bxc5 12. cxd5 Qxb2 13. Bxc6 Bf5 14. Qd2
Qxa1 15. Nc3 Qxf1+ 16. Kxf1 bxc6 17. Na4 Bb6 18. Nxb6 axb6 19. Nd4 Bb1 20. Nxc6
Bxa2 21. Qd4 Rfe8 22. f3 Rac8 23. Kf2 h6 24. Qd2 Bc4 25. Qb4 Bxd5 26. Ne7+ Rxe7
27. Qxe7 b5 28. Qd7 Rc5 29. Qe7 Rc2+ 30. Ke3 Kh7 31. Qd7 Rxg2 32. Qxd5 Rxh2 33.
Qxf7 Rh4 34. Qf5+ Kh8 35. Qxb5 g5 36. Qd7 Rf4 37. Qc7 Kg8 38. Kf2 Kh8 39. Kg3
Kg8 40. Qe7 Kh8 41. Qb7 Kg8 42. Qb1 Kg7 43. Qd3 Rf6 44. Qd4 Kg6 45. Qc3 Rf4 46.
Qh8 h5 47. Qg8+ Kh6 48. Qe8 Rf6 49. Qh8+ 1/2-1/2

[Event "2. Bundesliga Ost 2012/2013"]
[Site "6.+7.10., 17.+18.11., 1.12., 2.+3.2., 9.+10.3., 6.
[Date "2013.03.10"]
[Round "9"]
[Board "2"]
[White "Mahdy, Khaled"]
[Black "Prager, Manfred"]
[Result "1-0"]
[WhiteElo "2385"]
[BlackElo "2035"]
[PlyCount "100"]
[EventDate "2012.10.06"]
[EventType "team"]
[EventRounds "11"]
[EventCountry "AUT"]
[WhiteTeam "Raiffeisen Waehring"]
[BlackTeam "SK Hietzing"]

1. e4 c5 2. Nf3 d6 3. c3 Nf6 4. Be2 g6 5. O-O Bg7 6. Bb5+ Bd7 7. Bxd7+ Qxd7 8.
Re1 O-O 9. d4 Qc7 10. h3 Nfd7 11. Bg5 Re8 12. Nbd2 Nc6 13. Be3 b6 14. Nf1 Rad8
15. Ng3 e5 16. Qd2 Na5 17. b3 Nf6 18. Bg5 Rc8 19. d5 b5 20. Nh2 Nb7 21. Rf1 a5
22. c4 bxc4 23. bxc4 Nd7 24. Rab1 f6 25. Be3 Ra8 26. Nf3 Reb8 27. Rb5 a4 28.
Rfb1 Na5 29. Qc2 Rxb5 30. Rxb5 Nb7 31. Nd2 Nd8 32. Ne2 Qa7 33. Nc3 Qa6 34. h4
Kf7 35. h5 Nb6 36. Qb1 Nd7 37. Qd1 Nb6 38. Qg4 Qa7 39. Rb1 Qd7 40. Qd1 Nc8 41.
Rb5 Qa7 42. Qg4 Nb6 43. f4 Nd7 44. Nf3 Qc7 45. Rb1 Nf8 46. Nb5 Qe7 47. Rf1 Kg8
48. Nh4 Kf7 49. Rf3 Qd7 50. hxg6+ hxg6 1-0

[Event "2. Bundesliga Ost 2012/2013"]
[Site "6.+7.10., 17.+18.11., 1.12., 2.+3.2., 9.+10.3., 6.
[Date "2013.03.10"]
[Round "9"]
[Board "3"]
[White "Kropik, Martin"]
[Black "Alvir, Aco"]
[Result "0-1"]
[WhiteElo "2133"]
[BlackElo "2345"]
[PlyCount "72"]
[EventDate "2012.10.06"]
[EventType "team"]
[EventRounds "11"]
[EventCountry "AUT"]
[WhiteTeam "SK Hietzing"]
[BlackTeam "Raiffeisen Waehring"]

1. d4 d5 2. c4 c6 3. Nc3 Nf6 4. Nf3 dxc4 5. a4 Bf5 6. e3 e6 7. Bxc4 Bb4 8. O-O
O-O 9. Qe2 Nbd7 10. e4 Bg6 11. e5 Nd5 12. Ne4 Be7 13. Rd1 a5 14. Bd3 Rb8 15.
Bg5 Nb4 16. Bxe7 Qxe7 17. Bb1 Nb6 18. Nfg5 h6 19. Nh3 N4d5 20. Ra3 Rbd8 21. Nd6
Bxb1 22. Rxb1 f5 23. Qh5 f4 24. g3 Nc8 25. Ne4 Qf7 26. Qxf7+ Rxf7 27. gxf4 Nxf4
28. Nxf4 Rxf4 29. Nc5 Rfxd4 30. Nxb7 R8d5 31. Rc3 Ne7 32. b3 Rxe5 33. Rc5 Rxc5
34. Nxc5 Kf7 35. Re1 Rb4 36. Rxe6 Rg4+ 0-1

[Event "2. Bundesliga Ost 2012/2013"]
[Site "6.+7.10., 17.+18.11., 1.12., 2.+3.2., 9.+10.3., 6.
[Date "2013.03.10"]
[Round "9"]
[Board "5"]
[White "Prager, Michael"]
[Black "Fritsch, Klaus"]
[Result "1/2-1/2"]
[WhiteElo "1996"]
[BlackElo "2287"]
[PlyCount "105"]
[EventDate "2012.10.06"]
[EventType "team"]
[EventRounds "11"]
[EventCountry "AUT"]
[WhiteTeam "SK Hietzing"]
[BlackTeam "Raiffeisen Waehring"]

1. e4 c5 2. Nf3 d6 3. d4 cxd4 4. Nxd4 Nf6 5. Nc3 g6 6. Be2 Bg7 7. Be3 a6 8. a4
b6 9. O-O Bb7 10. f3 Nbd7 11. Nb3 O-O 12. Qd2 Re8 13. Rfd1 Qc7 14. Kh1 Nc5 15.
Nxc5 bxc5 16. Rab1 Rad8 17. Nd5 Nxd5 18. exd5 e6 19. dxe6 Rxe6 20. Bg5 f6 21.
Bf4 Qe7 22. Bf1 d5 23. b4 Rd7 24. b5 f5 25. Bc4 dxc4 26. Qxd7 Re1+ 27. Rxe1
Qxd7 28. Rbd1 Bd4 29. c3 axb5 30. axb5 Qxb5 31. cxd4 cxd4 32. Rxd4 c3 33. Rd8+
Kg7 34. Be5+ Kh6 35. Bxc3 f4 36. h3 Qc5 37. Be5 g5 38. Bd6 Qf2 39. Re6+ Kh5 40.
Rd7 Kh4 41. Rg7 Bxf3 42. Rxh7+ Bh5 43. Kh2 Qg3+ 44. Kg1 Qd3 45. Bc5 g4 46. Rhe7
gxh3 47. Rg7 hxg2 48. Bf2+ Kh3 49. Re3+ Qxe3 50. Bxe3 fxe3 51. Re7 e2 52. Re3+
Kh4 53. Kxg2 1/2-1/2

[Event "2. Bundesliga Ost 2012/2013"]
[Site "6.+7.10., 17.+18.11., 1.12., 2.+3.2., 9.+10.3., 6.
[Date "2013.03.10"]
[Round "9"]
[Board "6"]
[White "Todor, Razvan"]
[Black "Allram, Sebastian"]
[Result "1-0"]
[WhiteElo "2202"]
[BlackElo "1972"]
[PlyCount "85"]
[EventDate "2012.10.06"]
[EventType "team"]
[EventRounds "11"]
[EventCountry "AUT"]
[WhiteTeam "Raiffeisen Waehring"]
[BlackTeam "SK Hietzing"]

1. e4 c6 2. Nc3 d5 3. Nf3 dxe4 4. Nxe4 Nd7 5. Bc4 e6 6. Qe2 h6 7. d4 Ngf6 8.
Ng3 Nb6 9. Bd3 c5 10. Be3 Qc7 11. dxc5 Bxc5 12. Bxc5 Qxc5 13. O-O Bd7 14. Ne5
O-O 15. c4 Bc6 16. b3 Nbd7 17. Nxc6 Qxc6 18. Rad1 a5 19. Ne4 Rfd8 20. Qf3 Qc7
21. Nc3 Ne5 22. Qg3 Nh5 23. Qh4 Rxd3 24. Rxd3 Nxd3 25. Qxh5 Qe5 26. Qxe5 Nxe5
27. Rd1 Kf8 28. f4 Nc6 29. Rd7 Nd8 30. Nb5 Ke8 31. Rc7 Ra6 32. c5 a4 33. Nd6+
Kf8 34. Rd7 axb3 35. axb3 Rxd6 36. cxd6 Ke8 37. Re7+ Kf8 38. Rc7 g5 39. g3 g4
40. Kf2 h5 41. Ke3 f5 42. Kd3 Nf7 43. Rc8+ 1-0

[Event "2. Bundesliga Ost 2012/2013"]
[Site "6.+7.10., 17.+18.11., 1.12., 2.+3.2., 9.+10.3., 6.
[Date "2013.03.10"]
[Round "9"]
[Board "1"]
[White "Zilka, Stepan"]
[Black "Videki, Sandor"]
[Result "1-0"]
[WhiteElo "2529"]
[BlackElo "2429"]
[PlyCount "122"]
[EventDate "2012.10.06"]
[EventType "team"]
[EventRounds "11"]
[EventCountry "AUT"]
[WhiteTeam "Blackburne Nickelsdorf"]
[BlackTeam "Spg Data Technology Eichgraben/P."]

1. d4 d5 2. c4 c6 3. Nf3 Nf6 4. Nc3 dxc4 5. a4 Bf5 6. Ne5 Nbd7 7. Nxc4 Qc7 8.
g3 e5 9. dxe5 Nxe5 10. Bf4 Nfd7 11. Bg2 g5 12. Bxe5 Nxe5 13. Qd4 f6 14. O-O-O
Rd8 15. Qe3 Be7 16. Rxd8+ Kxd8 17. Rd1+ Kc8 18. Nxe5 Qxe5 19. Qxa7 Ba3 20. Qd4
Qxd4 21. Rxd4 Bc5 22. Rd2 Be6 23. e3 Kc7 24. Be4 h5 25. Ne2 Bb4 26. Rd1 c5 27.
Nc3 Bxc3 28. bxc3 Ra8 29. Bc2 Bd7 30. Rd5 b6 31. Kb2 Be6 32. Rd2 h4 33. Bb3 Bd7
34. gxh4 g4 35. h5 Rh8 36. Bf7 Bxa4 37. Rd5 Bd7 38. Bg6 Be6 39. Rd1 b5 40. Kc2
Bc4 41. Rg1 f5 42. h4 gxh3 43. Rh1 Kd6 44. Rxh3 Ke5 45. f4+ Kf6 46. Rh1 Be2 47.
Kd2 Bf3 48. Ra1 Bxh5 49. Ra6+ Ke7 50. Bxf5 Bf7 51. Ra7+ Kf6 52. e4 Rh2+ 53. Ke3
b4 54. cxb4 cxb4 55. Ra6+ Ke7 56. e5 b3 57. Ra7+ Kf8 58. e6 Be8 59. Rb7 b2 60.
Be4 Ba4 61. f5 Bb3 1-0

[Event "2. Bundesliga Ost 2012/2013"]
[Site "6.+7.10., 17.+18.11., 1.12., 2.+3.2., 9.+10.3., 6.
[Date "2013.03.10"]
[Round "9"]
[Board "2"]
[White "Ganaus, Hannes"]
[Black "Pinter, Erik"]
[Result "1/2-1/2"]
[WhiteElo "2331"]
[BlackElo "2379"]
[PlyCount "74"]
[EventDate "2012.10.06"]
[EventType "team"]
[EventRounds "11"]
[EventCountry "AUT"]
[WhiteTeam "Spg Data Technology Eichgraben/P."]
[BlackTeam "Blackburne Nickelsdorf"]

1. d4 Nf6 2. c4 g6 3. Nc3 Bg7 4. e4 d6 5. Nf3 O-O 6. Be2 e5 7. O-O Nc6 8. d5
Ne7 9. Kh1 Nd7 10. g4 a5 11. Rg1 Nc5 12. Be3 Kh8 13. Qd2 Ng8 14. Rg3 Nf6 15.
Bxc5 dxc5 16. Ne1 Kg8 17. Nd3 Qe7 18. a4 Rd8 19. Qe3 b6 20. Rag1 Ne8 21. b3 Bd7
22. Kg2 Nd6 23. Kf1 h6 24. Ne1 Bf6 25. Nf3 Bg5 26. Nxg5 Qxg5 27. Qxg5 hxg5 28.
Kg2 Kg7 29. Rd1 Rh8 30. h3 Rh4 31. Re3 Rah8 32. Rh1 Ne8 33. f3 Kf8 34. Bf1 Ke7
35. Kg1 Kd6 36. Rh2 Nf6 37. Rd2 Ne8 1/2-1/2

[Event "2. Bundesliga Ost 2012/2013"]
[Site "6.+7.10., 17.+18.11., 1.12., 2.+3.2., 9.+10.3., 6.
[Date "2013.03.10"]
[Round "9"]
[Board "3"]
[White "Vlcek, Stanislav"]
[Black "Pichler, Michael"]
[Result "0-1"]
[WhiteElo "2292"]
[BlackElo "2255"]
[PlyCount "78"]
[EventDate "2012.10.06"]
[EventType "team"]
[EventRounds "11"]
[EventCountry "AUT"]
[WhiteTeam "Blackburne Nickelsdorf"]
[BlackTeam "Spg Data Technology Eichgraben/P."]

1. e4 e6 2. d3 d5 3. Nd2 c5 4. g3 Bd6 5. Bg2 Ne7 6. f4 O-O 7. Ngf3 Nbc6 8. O-O
f6 9. Re1 Bc7 10. exd5 exd5 11. Nb3 b6 12. d4 c4 13. Nbd2 Bg4 14. h3 Bh5 15.
Nf1 b5 16. c3 b4 17. Be3 a5 18. g4 Bf7 19. Qd2 Bd6 20. Nh4 a4 21. a3 bxa3 22.
bxa3 Rb8 23. Bf3 Na5 24. Ra2 Qc7 25. Bd1 Nb3 26. Qf2 Rbe8 27. Ng2 Nc8 28. f5
Na7 29. Bf3 Nb5 30. Qb2 Qa5 31. Bd2 Nxd2 32. Qxd2 Qxc3 33. Nfe3 Qxd4 34. Rb1
Qxd2 35. Rxd2 Nxa3 36. Rb7 Bc5 37. Rxf7 Rxf7 38. Bxd5 Bxe3+ 39. Nxe3 Rxe3 0-1

[Event "2. Bundesliga Ost 2012/2013"]
[Site "6.+7.10., 17.+18.11., 1.12., 2.+3.2., 9.+10.3., 6.
[Date "2013.03.10"]
[Round "9"]
[Board "4"]
[White "Neumeier, Klaus"]
[Black "Bachofner, Andreas"]
[Result "1/2-1/2"]
[WhiteElo "2255"]
[BlackElo "2207"]
[PlyCount "126"]
[EventDate "2012.10.06"]
[EventType "team"]
[EventRounds "11"]
[EventCountry "AUT"]
[WhiteTeam "Spg Data Technology Eichgraben/P."]
[BlackTeam "Blackburne Nickelsdorf"]

1. d4 f5 2. g3 Nf6 3. Bg2 e6 4. Nf3 d5 5. O-O Bd6 6. c4 c6 7. Nc3 O-O 8. Qc2
Ne4 9. Rb1 Qe7 10. b4 a6 11. a4 b5 12. axb5 axb5 13. cxb5 Nxc3 14. Qxc3 cxb5
15. Bf4 Ra4 16. Bxd6 Qxd6 17. Ne5 Na6 18. Nd3 Bd7 19. Rfc1 h6 20. e3 Rc8 21.
Nc5 Nxc5 22. bxc5 Qa6 23. Bf1 Bc6 24. Rb3 Qa5 25. Qxa5 Rxa5 26. Rcb1 Rb8 27.
Bd3 Kf7 28. Kf1 Kf6 29. h4 Rb7 30. Ke1 Ke7 31. Kd2 Kd8 32. Kc3 Kc7 33. R1b2 Be8
34. Kc2 Rb8 35. Kb1 Bc6 36. Rb4 Be8 37. Ra2 Rba8 38. Rbb2 Kb7 39. Rxa5 Rxa5 40.
Kc2 Ka6 41. Kb3 Ra4 42. Ra2 Rxa2 43. Kxa2 Ka5 44. Kb3 g5 45. hxg5 hxg5 46. Be2
g4 47. f3 gxf3 48. Bxf3 b4 49. g4 Ba4+ 50. Kb2 fxg4 51. Bxg4 Bd7 52. Be2 Be8
53. Bd3 Bh5 54. e4 dxe4 55. Bxe4 Bd1 56. Bc6 Be2 57. Be8 Bc4 58. Bd7 Bd5 59.
Be8 Bc4 60. Bc6 Be2 61. Kb3 Bd1+ 62. Kc4 Be2+ 63. Kb3 Bd1+ 1/2-1/2